[Event "Las Palmas-chT"]
[Site "Las Palmas"]
[Date "2011.04.16"]
[Round "13.1"]
[White "Lopez Colon, Francisco"]
[Black "Ramos Lopez, Victor Miguel"]
[Result "1-0"]
[WhiteElo "2099"]
[BlackElo "2161"]
[PlyCount "83"]
[EventDate "2011.01.15"]
[EventType "team-swiss"]
[EventRounds "14"]
[EventCountry "ESP"]
[SourceTitle "EXT 2012"]
[Source "ChessBase"]
[SourceDate "2011.11.24"]
[SourceVersion "1"]
[SourceVersionDate "2011.11.24"]
[SourceQuality "1"]
[WhiteTeam "Villa de Teror"]
[BlackTeam "Telde Los Llanos"]
[WhiteTeamCountry "ESP"]
[BlackTeamCountry "ESP"]

1. d4 d5 2. c4 dxc4 3. e4 Nf6 4. e5 Nd5 5. Bxc4 Nb6 6. Bb3 Nc6 7. Nf3 Bg4 8. Bxf7+ Kxf7 9. Ng5+ Ke8 10. Qxg4 Qxd4 11. Qxd4 Nxd4 12. Na3 e6 13. Be3 Be7 14. Bxd4 Bxg5 15. Bxb6 axb6 16. Nb5 Ra5 17. a4 Kd7 18. 0-0 Rd8 19. f4 Be7 20. Rfd1+ Kc8 21. Rxd8+ Kxd8 22. Rd1+ Kc8 23. b3 g5 24. g3 gxf4 25. gxf4 Bf8 26. Kf2 Ra8 27. Kf3 c6 28. Nd6+ Kc7 29. Ne4 Re8 30. Nf6 Re7 31. Rd6 Bg7 32. Ne4 h6 33. Ng3 Re8 34. Nh5 Bf8 35. Nf6 Re7 36. Ke4 Bg7 37. Nh5 Bf8 38. Rd3 c5 39. f5 exf5+ 40. Kxf5 b5 41. axb5 Rf7+ 42. Nf6 1-0

[Event "Las Palmas-chT"]
[Site "Las Palmas"]
[Date "2011.03.12"]
[Round "8.1"]
[White "Garcia Padron, Jose"]
[Black "Ramos Lopez, Victor Miguel"]
[Result "1-0"]
[WhiteElo "2434"]
[BlackElo "2161"]
[PlyCount "45"]
[EventDate "2011.01.15"]
[EventType "team-swiss"]
[EventRounds "14"]
[EventCountry "ESP"]
[SourceTitle "EXT 2012"]
[Source "ChessBase"]
[SourceDate "2011.11.24"]
[SourceVersion "1"]
[SourceVersionDate "2011.11.24"]
[SourceQuality "1"]
[WhiteTeam "La Caja de Las Palmas"]
[BlackTeam "Telde Los Llanos"]
[WhiteTeamCountry "ESP"]
[BlackTeamCountry "ESP"]

1. e4 e6 2. d4 d5 3. exd5 exd5 4. Nf3 Nc6 5. c4 Bb4+ 6. Nc3 Qe7+ 7. Be2 dxc4 8. 0-0 Nf6 9. Bg5 Bxc3 10. bxc3 0-0 11. Re1 Qd6 12. Nd2 Na5 13. Bf3 Rb8 14. Re5 Qa3 15. Bxf6 gxf6 16. Re3 Bf5 17. Ne4 Rbd8 18. Nxf6+ Kh8 19. Be4 Qd6 20. Nxh7 Bxh7 21. Bxh7 Rde8 22. Qh5 Rxe3 23. fxe3 1-0

[Event "Las Palmas-chT"]
[Site "Las Palmas"]
[Date "2011.02.26"]
[Round "7.1"]
[White "Sarmiento Afonso, Santiago"]
[Black "Ramos Lopez, Victor Miguel"]
[Result "1/2-1/2"]
[WhiteElo "2213"]
[BlackElo "2161"]
[PlyCount "93"]
[EventDate "2011.01.15"]
[EventType "team-swiss"]
[EventRounds "14"]
[EventCountry "ESP"]
[SourceTitle "EXT 2012"]
[Source "ChessBase"]
[SourceDate "2011.11.24"]
[SourceVersion "1"]
[SourceVersionDate "2011.11.24"]
[SourceQuality "1"]
[WhiteTeam "Piscolabis Oleaje San Andres"]
[BlackTeam "Telde Los Llanos"]
[WhiteTeamCountry "ESP"]
[BlackTeamCountry "ESP"]

1. e4 e6 2. d4 d5 3. exd5 exd5 4. Bd3 Nc6 5. c3 Bd6 6. Nf3 Nge7 7. Bg5 Bg4 8. Nbd2 f6 9. Bh4 Qd7 10. 0-0 0-0 11. Bg3 Bxg3 12. hxg3 Rfe8 13. Re1 Rad8 14. Nf1 Bf5 15. Ne3 Bxd3 16. Qxd3 Ng6 17. b3 Nce7 18. Re2 c6 19. Rae1 Nc8 20. Nf5 Nge7 21. Nxe7+ Rxe7 22. Rxe7 Nxe7 23. Nh4 Nc8 24. Nf5 g6 25. Ne3 Re8 26. f3 Nd6 27. Kf2 Re6 28. Ng4 Kg7 29. Rxe6 Qxe6 30. Qe3 Qxe3+ 31. Nxe3 h5 32. Ke2 Kf7 33. Kd3 Ke6 34. c4 g5 35. c5 Nf5 36. Nxf5 Kxf5 37. b4 h4 38. gxh4 gxh4 39. Ke3 Kg5 40. a3 Kf5 41. Ke2 Kf4 42. Kf2 a6 43. a4 Kg5 44. Ke3 Kf5 45. Ke2 Kf4 46. Kf2 Kf5 47. Ke2 1/2-1/2

[Event "Gran Canaria op 3rd"]
[Site "Gran Canaria"]
[Date "2009.07.18"]
[Round "6"]
[White "Ramos Lopez, Victor Miguel"]
[Black "Monzon Aleman, Ayoze"]
[Result "1-0"]
[WhiteElo "2190"]
[BlackElo "1766"]
[PlyCount "45"]
[EventDate "2009.07.13"]
[EventType "swiss"]
[EventRounds "7"]
[EventCountry "ESP"]
[SourceTitle "CBM 131 Extra"]
[Source "ChessBase"]
[SourceDate "2009.09.03"]
[SourceVersion "2"]
[SourceVersionDate "2009.09.16"]
[SourceQuality "1"]

1. e4 c6 2. d4 d5 3. exd5 cxd5 4. c4 dxc4 5. Bxc4 Nf6 6. Nf3 e6 7. Nc3 Be7 8. 0-0 0-0 9. Re1 Nc6 10. a3 Qb6 11. Rb1 Rd8 12. Be3 Ng4 13. d5 Nxe3 14. Rxe3 Qc5 15. Qe2 exd5 16. Nxd5 Bf5 17. Nxe7+ Nxe7 18. Re5 Qd6 19. Re1 Rac8 20. Rxe7 Rxc4 21. Qxc4 Be6 22. Qc7 Qd1 23. Re8+ 1-0

[Event "Gran Canaria op 3rd"]
[Site "Gran Canaria"]
[Date "2009.07.17"]
[Round "5"]
[White "Perez Castellano, Susana"]
[Black "Ramos Lopez, Victor Miguel"]
[Result "1-0"]
[WhiteElo "1853"]
[BlackElo "2190"]
[PlyCount "114"]
[EventDate "2009.07.13"]
[EventType "swiss"]
[EventRounds "7"]
[EventCountry "ESP"]
[SourceTitle "CBM 131 Extra"]
[Source "ChessBase"]
[SourceDate "2009.09.03"]
[SourceVersion "2"]
[SourceVersionDate "2009.09.16"]
[SourceQuality "1"]

1. e4 e6 2. d4 d5 3. Nc3 Bb4 4. e5 b6 5. f4 Qd7 6. Nf3 h5 7. Be3 c6 8. Qd2 Nh6 9. Be2 Ba6 10. Bxa6 Nxa6 11. a3 Be7 12. Ne2 g6 13. h3 Nf5 14. Bf2 h4 15. Nh2 0-0-0 16. Rc1 Kb7 17. b4 Rc8 18. Nf3 Nc7 19. c3 Rcg8 20. 0-0 Rh5 21. Kh2 Rc8 22. a4 a6 23. Rb1 Qd8 24. Rg1 Rh8 25. Ra1 Rh5 26. Rab1 Qd7 27. Qa2 Rhh8 28. a5 b5 29. Qd2 Ne8 30. Nc1 Neg7 31. Qe1 Rcf8 32. Nd3 Qd8 33. Qd2 Nh5 34. Rbc1 Nhg3 35. Rcd1 Ne4 36. Qc1 Rfg8 37. Rdf1 Nfg3 38. Re1 Nf5 39. Ref1 Rh5 40. Qc2 Qf8 41. Re1 Qh6 42. Rc1 Nfg3 43. Be3 Rf5 44. Qd1 Nh5 45. Rf1 Nxf4 46. Nxf4 Rxf4 47. Bxf4 Qxf4+ 48. Kg1 Qe3+ 49. Kh2 g5 50. Qe1 Qf4+ 51. Kg1 f5 52. exf6 Bxf6 53. Ne5 Qg3 54. Qxg3 hxg3 55. Nd7 Bd8 56. Rf7 Nd6 57. Ne5+ Kb8 1-0